Bankroty po česku.

Možné riešenia zadlženosti českých podnikov. Pasivita českých veriteľov. Úloha investičných fondov. Význam zahraničného kapitálu pri riešení bankrotov českých podnikov. Závislosť postavenia firmy na metóde privatizácie. Platobná neschopnosť a ziskovosť. Úloha štátu pri riešení bankrotu.

Salvato in:
Dettagli Bibliografici
Autore principale: Hlaváček, Jiří
Altri autori: Tůma, Zdeněk, Polívka, M.
Natura: Capitolo di libro
Lingua:ceco
Soggetti:
Tags: Aggiungi Tag
Nessun Tag, puoi essere il primo ad aggiungerne!!

MARC

LEADER 00000naa a2200000 4500
001 r013182
005 20221213081824.0
041 0 |a cze 
044 |a CZ 
245 1 0 |a Bankroty po česku.  |c Jiří Hlaváček, Z. Tůma, M. Polívka 
520 |a Možné riešenia zadlženosti českých podnikov. Pasivita českých veriteľov. Úloha investičných fondov. Význam zahraničného kapitálu pri riešení bankrotov českých podnikov. Závislosť postavenia firmy na metóde privatizácie. Platobná neschopnosť a ziskovosť. Úloha štátu pri riešení bankrotu. 
610 2 0 |a bankrot 
610 2 0 |a Čechy 
610 2 0 |a zadlženosť 
610 2 0 |a podnik 
610 2 0 |a veritelia 
610 2 0 |a fondy investičné 
610 2 0 |a kapitál zahraničný 
610 2 0 |a privatizácia 
610 2 0 |a insolventnosť 
610 2 0 |a zisk podnikový 
100 1 |a Hlaváček, Jiří 
700 1 |a Tůma, Zdeněk 
700 1 |a Polívka, M.